000 00345 a2200157 4500
001 59863
020 _a9783446207967
040 _cAnchieta - Pituba
100 _aSkelton, Matthew
240 1 0 _aEndymion spring
_lpor
245 1 0 _aEndymion spring
300 _a431
362 0 _a2006
650 4 _aLiteratura juvenil em alemão
942 _cBK
999 _c59863
_d59863